000 01261nam a22003857a 4500
003 CHAP
005 20220817043306.0
008 971013s1987 r 00010 d
010 _a70825
011 _a71797
035 _a81351
040 _cCHAP
082 _a636.08
_bN45 v.3C
100 0 0 _aNeimann - Sorensen, A.
_eed.
245 _aDairy-cattle production
260 _aAmsterdam :
_bElsevier,
_c1987
300 _a309 p.
_b: ilus.
490 _aWorld animal science
_v; C3
590 _aBATCH-UPD
_b10
_c20130110
_lUCH01
_h0211
590 _aBATCH-UPD
_b10
_c20130110
_lUCH01
_h0903
590 _aBATCH-UPD
_b10
_c20130409
_lUCH01
_h2227
590 _aBATCH-UPD
_b10
_c20130410
_lUCH01
_h1203
590 _aBATCH-UPD
_b10
_c20130914
_lUCH01
_h1501
590 _aCONVERSION
_b10
_c20130109
_lUCH01
_h1339
650 1 4 _aGanadería.
_944604
650 1 4 _aGanado lechero
_xProducción.
_945288
650 1 4 _aLeche
_xAnálisis.
_965359
650 1 4 _aLeche
_xProducción.
_965400
650 1 4 _aProductos lácteos
_xInspección.
_992132
700 0 _aGravert, H. O.
_eed.
_950473
830 0 _aWorld animal science
_v; C3
_9122687
901 _aBK
942 _cLIBRO
949 _a636.08 N45 v.3C
_bBC
_cLIBRO
_d33724000260857
_eLIBRO
_gI. 172355
_h86566
_i81351
_si
_t602.72
999 _c70825
_d70825